00663 2200241 4500001002100000005001500021035002000036007000300056008004100059020002200100082000800122084001400130100002800144245006900172250001000241260003900251300003500290650001900325700002300344520003000367990001200397990001200409INLIS00000000000190020180416092655 a0010-0418000057ta180416 g 0 ind  a978-602-7975-99-6 a420 a420 KAR e0 aKARYA, Karlina Denistia1 aEgnlish /cKarya Karlina Denistia; penyunting, Francisca Kartika acet.1 aYogyakarta :bBentang Belia,c2014 axiii, 165 hlm :bilus ;c21 cm aBAHASA INGGRIS0 aFRANCISCA, Kartika abibliografi: hlm. 163-165 a16699 a a16699 b